专题式学习:从小就能开始 (Record no. 322577)

000 -LEADER
fixed length control field 00476 a2200157 4500
020 ## - ISBN
ISBN 9786263052024
082 ## - 索书号 Call Number
分类号Classification number 523.3
作者号 Author number 5700
100 ## - 作者
作者 莎拉.列夫 Sara Lev;阿曼达.克拉克 Amanda clark;艾琳.史塔基 Erin Starkey 著
245 ## - 书名 TITLE
书名Title 专题式学习:从小就能开始
250 ## - 版本 EDITION STATEMENT
版本叙述 Edition statement 初版;平装
260 ## - 出版项PUBLICATION, DISTRIBUTION, ETC. (IMPRINT)
出版社 Name of publisher 亲子天下股份有限公司
出版日期 Date of publication 2022
出版地 Place of publication 台北市
300 ## - 稽核项 PHYSICAL DESCRIPTION
页数 Number of Pages 351页
尺寸 Dimensions 21公分
500 ## - 一般附注 GENERAL NOTE
附注 General note
700 ## - ADDED ENTRY--PERSONAL NAME
第二作者 / 译者 / 绘者 许芳菊 译
942 ## - ADDED ENTRY ELEMENTS (KOHA)
Koha item type Books
Holdings
Source of classification or shelving scheme Not for loan Permanent Location Current Location Shelving location Date acquired Source of acquisition Cost, normal purchase price Full call number Barcode Cost, replacement price Koha item type
    LIBRARY CHUNG HWA HIGH SCHOOL MUAR LIBRARY CHUNG HWA HIGH SCHOOL MUAR 5 社会科学(二楼 F~H) 2026-02-06 93.10 523.3 5700 050202 186.20 Books

Powered by Koha